| Tag |
First Indicator |
Second Indicator |
Subfields |
| LEADER |
00000cam a2200000 a 4500 |
| 001 |
in00000098551 |
| 005 |
20150924085810.0 |
| 008 |
801124s1980 gw 00010 ger d |
| 020 |
|
|
|a 3600300652
|
| 035 |
|
|
|a (OCoLC)06971119
|
| 035 |
|
|
|9 AAK9652AM
|
| 040 |
|
|
|a OSU
|c OSU
|d m.c.
|d TXA
|d UtOrBLW
|
| 049 |
|
|
|a TXAM
|c [1197400]
|
| 090 |
|
|
|a PT2685 E525
|b H37 1980
|
| 100 |
1 |
|
|a Weissenborn, Theodor,
|d 1933-
|
| 245 |
1 |
4 |
|a Das Haus der Hanflinge :
|b Liebesgeschichten /
|c Theodor Weissenborn.
|
| 264 |
|
1 |
|a Freiburg :
|b F.H. Kerle,
|c 1980.
|
| 300 |
|
|
|a 191 pages ;
|c 21 cm.
|
| 336 |
|
|
|a text
|b txt
|2 rdacontent
|
| 337 |
|
|
|a unmediated
|b n
|2 rdamedia
|
| 338 |
|
|
|a volume
|b nc
|2 rdacarrier
|
| 999 |
|
|
|a MARS
|
| 999 |
f |
f |
|s 9c18c871-aa1c-3d0d-ad0f-8d4c989f26a6
|i 92cab4c6-0ada-35fa-a15e-dfb419ac47e0
|t 0
|
| 952 |
f |
f |
|p ric
|a Texas A&M University
|b Rellis Campus
|c Joint Library Facility
|d Remote Storage
|t 0
|e PT2685 E525 H37 1980
|h Library of Congress classification
|i unmediated -- volume
|m A14806027201
|
| 998 |
f |
f |
|a PT2685 E525 H37 1980
|t 0
|l Remote Storage
|